| 000 | 00367pab a2200145 454500 | ||
|---|---|---|---|
| 008 | 180718b1987 xxu||||| |||| 00| 0 eng d | ||
| 100 | _aBhalla, Sheila | ||
| 245 |
_aBudget 1987 - 88 _bFocus on expenditure |
||
| 260 | _c1987 | ||
| 300 | _a659-61 | ||
| 362 | _a11 Apr. | ||
| 650 | _aExpenditures, Government | ||
| 773 | _aEconomic and political Weekly | ||
| 909 | _a7921 | ||
| 999 |
_c7921 _d7921 |
||